[Event "Oberliga Ost B"]
[Site "?"]
[Date "2022.07.02"]
[Round "6.2"]
[White "Liard, Thibaud"]
[Black "Neumann, Martin"]
[Result "0-1"]
[WhiteElo "2150"]
[BlackElo "2130"]
[PlyCount "108"]
[EventDate "2021.10.10"]
[EventType "team-tourn"]
[EventCountry "GER"]
[WhiteTeam "Griesheim SV"]
[BlackTeam "Gernsheim SK"]
[WhiteTeamCountry "GER"]
[BlackTeamCountry "GER"]

1. d4 d5 2. Nf3 f5 3. g3 Nf6 4. Bg2 e6 5. b3 c6 6. O-O Bd6 7. Ba3 O-O 8. Bxd6
Qxd6 9. Ne5 Nbd7 10. f4 b6 11. c4 Ba6 12. Nd2 Rac8 13. Ndf3 Ne4 14. Nxd7 Qxd7
15. Ne5 Qc7 16. a4 c5 17. a5 b5 18. cxd5 exd5 19. dxc5 Qxc5+ 20. Kh1 Rfd8 21.
Nd3 Qd4 22. b4 Rc3 23. Rc1 Bc8 24. Rxc3 Qxc3 25. Qa1 d4 26. Rc1 Qxa1 27. Rxa1
Nc3 28. Bf3 Be6 29. Kg2 Bc4 30. Re1 Na2 31. Rb1 Nc3 32. Rb2 Bxd3 33. exd3 Re8
34. Kf2 Re3 35. Rd2 Kf7 36. h3 Kf6 37. h4 g6 38. g4 fxg4 39. Bxg4 Nd5 40. Re2
Rxe2+ 41. Kxe2 Nxf4+ 42. Kd2 Nd5 43. Bd7 Nxb4 44. Bxb5 Kf5 45. Kc1 Kf4 46. Kb2
Ke3 47. Kb3 Nxd3 48. Kc4 h6 49. Kd5 g5 50. hxg5 hxg5 51. Kc6 g4 52. Kb7 g3 53.
Bc6 Nb4 54. Bg2 d3 0-1

[Event "Oberliga Ost B"]
[Site "?"]
[Date "2022.07.02"]
[Round "6.4"]
[White "Nothnagel, Markus"]
[Black "Mueller, Maximilian"]
[Result "1/2-1/2"]
[WhiteElo "2172"]
[BlackElo "2294"]
[PlyCount "55"]
[EventDate "2021.10.10"]
[EventType "team-tourn"]
[EventCountry "GER"]
[WhiteTeam "Griesheim SV"]
[BlackTeam "Gernsheim SK"]
[WhiteTeamCountry "GER"]
[BlackTeamCountry "GER"]

1. b3 d5 2. Bb2 Bf5 3. e3 e6 4. f4 Nf6 5. Nf3 h6 6. Be2 Bd6 7. O-O c5 8. Ne5
Nc6 9. Bb5 Qc7 10. Bxc6+ bxc6 11. d3 O-O-O 12. Nd2 Bh7 13. Qe2 Ne8 14. Kh1 f6
15. Nef3 Rg8 16. Rg1 g5 17. g3 Qe7 18. Raf1 Ng7 19. Ne1 Rdf8 20. Ng2 Bg6 21.
Nf3 e5 22. fxe5 fxe5 23. Nd2 Bh5 24. Qe1 Ne6 25. Rxf8+ Rxf8 26. Rf1 Rf7 27. Kg1
g4 28. Nh4 1/2-1/2

[Event "Oberliga Ost B"]
[Site "?"]
[Date "2022.07.02"]
[Round "6.5"]
[White "Rosenberger, Frank"]
[Black "Hahn, Werner"]
[Result "1-0"]
[WhiteElo "2024"]
[BlackElo "2172"]
[PlyCount "87"]
[EventDate "2021.10.10"]
[EventType "team-tourn"]
[EventCountry "GER"]
[WhiteTeam "Gernsheim SK"]
[BlackTeam "Griesheim SV"]
[WhiteTeamCountry "GER"]
[BlackTeamCountry "GER"]

1. e4 c5 2. Nf3 d6 3. d4 cxd4 4. Nxd4 Nf6 5. Nc3 a6 6. a4 e5 7. Nf3 Nc6 8. Bg5
Be7 9. Bxf6 Bxf6 10. Nd5 O-O 11. Be2 Bg4 12. c3 Bxf3 13. Bxf3 Bg5 14. O-O Ne7
15. a5 Nxd5 16. Qxd5 Qc7 17. Rfd1 Be7 18. Ra4 b5 19. axb6 Qxb6 20. Rb4 Qd8 21.
Ra1 Ra7 22. Rb7 Qa8 23. Rxa7 Qxa7 24. Be2 Qc5 25. Rxa6 Qxd5 26. exd5 Rc8 27.
Rc6 Rxc6 28. dxc6 Bd8 29. Bc4 Kf8 30. Kf1 Ke7 31. Ke2 f6 32. Kd3 Bb6 33. f3 h6
34. Ke4 Bc7 35. Kd5 f5 36. Bd3 g6 37. Bc2 Kf6 38. c4 g5 39. b4 f4 40. c5 Ke7
41. b5 dxc5 42. Kxc5 Bd6+ 43. Kb6 Kd8 44. Kb7 1-0

[Event "Oberliga Ost B"]
[Site "?"]
[Date "2022.07.02"]
[Round "6.6"]
[White "Debortoli, Roberto"]
[Black "Mao, Kevin"]
[Result "1/2-1/2"]
[WhiteElo "2037"]
[BlackElo "2040"]
[PlyCount "24"]
[EventDate "2021.10.10"]
[EventType "team-tourn"]
[EventCountry "GER"]
[WhiteTeam "Griesheim SV"]
[BlackTeam "Gernsheim SK"]
[WhiteTeamCountry "GER"]
[BlackTeamCountry "GER"]

1. e4 e5 2. Bc4 Nc6 3. Ne2 Nf6 4. d3 Bc5 5. O-O d6 6. Nbc3 Ng4 7. h3 h5 8. Na4
Nxf2 9. Bxf7+ Kf8 10. Nxc5 Nxd1 11. Bb3+ Ke8 12. Bf7+ Kf8 1/2-1/2

[Event "Oberliga Ost B"]
[Site "?"]
[Date "2022.07.02"]
[Round "6.7"]
[White "Lukas, Anne"]
[Black "Spitzl, Philipp"]
[Result "1-0"]
[WhiteElo "2049"]
[BlackElo "2028"]
[PlyCount "59"]
[EventDate "2021.10.10"]
[EventType "team-tourn"]
[EventCountry "GER"]
[WhiteTeam "Gernsheim SK"]
[BlackTeam "Griesheim SV"]
[WhiteTeamCountry "GER"]
[BlackTeamCountry "GER"]

1. Nf3 e6 2. g3 d5 3. Bg2 Nf6 4. d3 Be7 5. Nbd2 O-O 6. O-O c6 7. e4 b6 8. e5
Nfd7 9. Re1 c5 10. h4 Nc6 11. Nf1 Bb7 12. h5 h6 13. N1h2 Rc8 14. Ng4 Kh7 15.
Bf4 Qe8 16. Bxh6 f5 17. exf6 Nxf6 18. Ng5+ Kh8 19. Bxg7+ Kxg7 20. Nxe6+ Kh8 21.
Nxf8 Qxf8 22. c3 Rd8 23. Nxf6 Qxf6 24. Qf3 Qg5 25. Re6 Rd6 26. Rae1 Rxe6 27.
Rxe6 Nd8 28. Rg6 Qe5 29. Qg4 Kh7 30. Rh6+ 1-0

[Event "Oberliga Ost B"]
[Site "?"]
[Date "2022.07.02"]
[Round "6.8"]
[White "Hoeck, Raimund"]
[Black "Nies, Peter"]
[Result "0-1"]
[WhiteElo "2017"]
[BlackElo "2034"]
[PlyCount "58"]
[EventDate "2021.10.10"]
[EventType "team-tourn"]
[EventCountry "GER"]
[WhiteTeam "Griesheim SV"]
[BlackTeam "Gernsheim SK"]
[WhiteTeamCountry "GER"]
[BlackTeamCountry "GER"]

1. d4 Nf6 2. c4 e6 3. Nf3 c5 4. e3 cxd4 5. exd4 d5 6. Bd3 dxc4 7. Bxc4 Be7 8.
O-O O-O 9. Nc3 a6 10. a4 Nbd7 11. Re1 Nb6 12. Bf1 Nbd5 13. Ne5 Bd7 14. Bd2 Rc8
15. g3 Bc6 16. Nxc6 Rxc6 17. Bg2 Rc4 18. Ne2 Qb6 19. b3 Rc7 20. a5 Qb5 21. Bf1
Qd7 22. Rc1 Ne4 23. Rxc7 Qxc7 24. Nf4 Ndc3 25. Bxc3 Nxc3 26. Qc1 Bf6 27. Qe3
Qxa5 28. Rc1 Nb5 29. d5 Bd4 0-1

[Event "Oberliga Ost B"]
[Site "?"]
[Date "2022.07.02"]
[Round "6.1"]
[White "Galdunts, Sergey"]
[Black "Geske, Julian"]
[Result "1/2-1/2"]
[WhiteElo "2416"]
[BlackElo "2386"]
[PlyCount "117"]
[EventDate "2021.10.10"]
[EventType "team-tourn"]
[EventCountry "GER"]
[WhiteTeam "Moerlenbach Birkenau Freibauer"]
[BlackTeam "Wiesbadener SV"]
[WhiteTeamCountry "GER"]
[BlackTeamCountry "GER"]

1. e4 e5 2. Nf3 Nc6 3. Bb5 a6 4. Ba4 Nf6 5. d3 d6 6. c3 g6 7. O-O Bg7 8. Re1
O-O 9. Nbd2 b5 10. Bc2 Bb7 11. a4 Re8 12. b4 Ne7 13. Nf1 Nd7 14. Bb3 d5 15. Ne3
c6 16. Ng4 h5 17. Nh6+ Kf8 18. Bg5 Qc7 19. c4 bxc4 20. dxc4 dxe4 21. Nd2 c5 22.
Nxe4 Bxe4 23. Rxe4 Qc6 24. Qf3 f5 25. Bc2 Nf6 26. Rxe5 Qxf3 27. gxf3 Nd7 28.
Bxe7+ Rxe7 29. Rxe7 Kxe7 30. Re1+ Kf8 31. Nxf5 gxf5 32. Bxf5 Ne5 33. Be4 Re8
34. Rb1 Rb8 35. b5 a5 36. b6 Nd7 37. b7 Bc3 38. f4 Ke7 39. Rb3 Bd2 40. Rh3 Nf6
41. Bg2 Bxf4 42. Rb3 Bc7 43. h4 Kd6 44. Rd3+ Ke6 45. Bh3+ Ke7 46. Re3+ Kf7 47.
Be6+ Kf8 48. Bc8 Ne8 49. Rf3+ Ke7 50. Rf5 Bb6 51. Rxh5 Nd6 52. Rh7+ Kf8 53. h5
Nf7 54. h6 Bd8 55. Be6 Rxb7 56. Bxf7 Bf6 57. Bg6 Rxh7 58. Bxh7 Bg5 59. Be4
1/2-1/2

[Event "Oberliga Ost B"]
[Site "?"]
[Date "2022.07.02"]
[Round "6.2"]
[White "Alienkin, Aleksander"]
[Black "Felgendreher, Heiko"]
[Result "0-1"]
[WhiteElo "2340"]
[BlackElo "2113"]
[PlyCount "100"]
[EventDate "2021.10.10"]
[EventType "team-tourn"]
[EventCountry "GER"]
[WhiteTeam "Wiesbadener SV"]
[BlackTeam "Moerlenbach Birkenau Freibauer"]
[WhiteTeamCountry "GER"]
[BlackTeamCountry "GER"]

1. d4 Nf6 2. Nf3 g6 3. Nbd2 d5 4. c4 c6 5. g3 Bg7 6. Bg2 O-O 7. O-O a5 8. b3
Bf5 9. Bb2 h6 10. Re1 g5 11. h4 g4 12. Ne5 Ne4 13. cxd5 cxd5 14. Nxe4 dxe4 15.
Qc1 f6 16. Nc4 Bg6 17. Qf4 f5 18. Ne5 Be8 19. f3 Nc6 20. Rad1 Qb6 21. Nc4 Qa7
22. Kh2 b5 23. Ne5 Nxe5 24. dxe5 exf3 25. exf3 gxf3 26. Qxf3 Rc8 27. Rc1 Rxc1
28. Rxc1 Qb8 29. Rc5 e6 30. Qc3 b4 31. Qc1 f4 32. gxf4 Qd8 33. Kg3 Qd3+ 34. Kh2
Qd8 35. Kg3 Qd3+ 36. Bf3 Bh5 37. Qh1 Qg6+ 38. Kh3 Rxf4 39. Bxh5 Qxh5 40. Rc8+
Bf8 41. Qg1+ Kf7 42. Rc4 Qxh4+ 43. Kg2 Rxc4 44. bxc4 Qg4+ 45. Kh2 Qxg1+ 46.
Kxg1 Bc5+ 47. Kg2 Kg6 48. Kg3 Kf5 49. Kh4 Ke4 50. Kh5 Be3 0-1

[Event "Oberliga Ost B"]
[Site "?"]
[Date "2022.07.02"]
[Round "6.3"]
[White "Boehmer, Christian"]
[Black "Dubkov, Andrej"]
[Result "0-1"]
[WhiteElo "2157"]
[BlackElo "2346"]
[PlyCount "84"]
[EventDate "2021.10.10"]
[EventType "team-tourn"]
[EventCountry "GER"]
[WhiteTeam "Moerlenbach Birkenau Freibauer"]
[BlackTeam "Wiesbadener SV"]
[WhiteTeamCountry "GER"]
[BlackTeamCountry "GER"]

1. e4 c5 2. d4 cxd4 3. c3 g6 4. Qxd4 Nf6 5. Bc4 Nc6 6. Qe3 d6 7. Nf3 Bg7 8. O-O
O-O 9. h3 Bd7 10. Nbd2 Rc8 11. Re1 Qc7 12. Qe2 Na5 13. Bd3 e5 14. c4 Be6 15. b3
h6 16. Bb2 Nh5 17. Qd1 Nf4 18. Bf1 Nc6 19. Nb1 a6 20. Nc3 Ne7 21. Ne2 Nh5 22.
Nc3 Nf4 23. Rc1 Qb8 24. Ba3 Rfd8 25. Kh2 Nc6 26. g3 Nh5 27. Qd2 b5 28. Nd5 Bxd5
29. Qxd5 b4 30. Bb2 Nf6 31. Qd3 Nd7 32. Rcd1 Nc5 33. Qc2 a5 34. Rd5 a4 35. Bc1
axb3 36. axb3 Na5 37. Nd2 Qb6 38. Re3 h5 39. Be2 Nc6 40. Bb2 Ne7 41. Nf3 Nxd5
42. exd5 Bh6 0-1

[Event "Oberliga Ost B"]
[Site "?"]
[Date "2022.07.02"]
[Round "6.4"]
[White "Gottschalk, Jens"]
[Black "Klings, Peter"]
[Result "1/2-1/2"]
[WhiteElo "2244"]
[BlackElo "2068"]
[PlyCount "107"]
[EventDate "2021.10.10"]
[EventType "team-tourn"]
[EventCountry "GER"]
[WhiteTeam "Wiesbadener SV"]
[BlackTeam "Moerlenbach Birkenau Freibauer"]
[WhiteTeamCountry "GER"]
[BlackTeamCountry "GER"]

1. d4 Nf6 2. c4 e6 3. g3 Bb4+ 4. Bd2 Qe7 5. Nf3 Nc6 6. Nc3 Bxc3 7. Bxc3 Ne4 8.
Rc1 O-O 9. Bg2 d6 10. O-O Nxc3 11. Rxc3 e5 12. d5 Nb8 13. Qc2 Bg4 14. c5 c6 15.
cxd6 Qxd6 16. Ng5 Qg6 17. Qxg6 hxg6 18. dxc6 Nxc6 19. Bxc6 bxc6 20. f3 Bd7 21.
Rd1 Be8 22. Rcd3 f6 23. Ne6 Rf7 24. Rd8 Rxd8 25. Rxd8 Re7 26. Nc5 Kf7 27. Rc8
f5 28. Kf2 Kf6 29. Ke3 g5 30. a3 g6 31. Kd3 Kf7 32. Kc4 Kf8 33. Rd8 Rh7 34. Kd3
Rxh2 35. Ra8 Rh3 36. Nd7+ Ke7 37. Nxe5 Rxg3 38. Ke3 Rh3 39. Kf2 Rh2+ 40. Ke3
Rh3 41. Rxa7+ Kd6 42. Ra8 Kxe5 43. Rxe8+ Kd5 44. Rg8 Rh6 45. b3 Kc5 46. Rg7 Kb6
47. Rg8 Kc5 48. Rg7 Kb6 49. Rg8 Kc5 50. a4 Kb6 51. Rb8+ Kc7 52. Rg8 Kb6 53.
Rb8+ Kc7 54. Rg8 1/2-1/2

[Event "Oberliga Ost B"]
[Site "?"]
[Date "2022.07.02"]
[Round "6.5"]
[White "Wohlfart, Paulus"]
[Black "Ochs, Daniel Elias"]
[Result "1/2-1/2"]
[WhiteElo "2084"]
[BlackElo "2176"]
[PlyCount "45"]
[EventDate "2021.10.10"]
[EventType "team-tourn"]
[EventCountry "GER"]
[WhiteTeam "Moerlenbach Birkenau Freibauer"]
[BlackTeam "Wiesbadener SV"]
[WhiteTeamCountry "GER"]
[BlackTeamCountry "GER"]

1. d4 e6 2. c4 f5 3. g3 Nf6 4. Bg2 d5 5. Nf3 c6 6. O-O Bd6 7. b3 Qe7 8. Bb2 O-O
9. Qc1 b6 10. Ba3 Bb7 11. Bxd6 Qxd6 12. Qa3 Qxa3 13. Nxa3 a5 14. Rac1 Nbd7 15.
Nc2 Ne4 16. Nce1 a4 17. b4 dxc4 18. Rxc4 c5 19. dxc5 bxc5 20. Nd3 Nb6 21. Rc2
cxb4 22. Nxb4 Nd5 23. Nd3 1/2-1/2

[Event "Oberliga Ost B"]
[Site "?"]
[Date "2022.07.02"]
[Round "6.6"]
[White "Tuzi, Bruna"]
[Black "Schaefer, Michael"]
[Result "1-0"]
[WhiteElo "2030"]
[BlackElo "2113"]
[PlyCount "173"]
[EventDate "2021.10.10"]
[EventType "team-tourn"]
[EventCountry "GER"]
[WhiteTeam "Wiesbadener SV"]
[BlackTeam "Moerlenbach Birkenau Freibauer"]
[WhiteTeamCountry "GER"]
[BlackTeamCountry "GER"]

1. e4 c5 2. Nf3 Nc6 3. Bb5 a6 4. Bxc6 dxc6 5. c3 Bg4 6. O-O e5 7. h3 Bh5 8. g4
Bg6 9. Nxe5 Bd6 10. Nxg6 hxg6 11. Qf3 Bc7 12. Re1 Qh4 13. Kg2 O-O-O 14. d3 Ne7
15. Rh1 f5 16. gxf5 gxf5 17. exf5 Rh5 18. Qg4 Nxf5 19. Qxh4 Nxh4+ 20. Kf1 Rxd3
21. Ke2 c4 22. Be3 Nf5 23. Nd2 b5 24. Rad1 Nxe3 25. fxe3 g5 26. Rdg1 Bd8 27.
Rg4 Rd7 28. Ne4 Rdh7 29. Nf2 R5h6 30. Re4 Re7 31. Rxe7 Bxe7 32. Rd1 Kc7 33. Rd4
Re6 34. Rg4 Kd7 35. Ne4 Re5 36. Nd2 Bf6 37. e4 Re8 38. Nf3 Rh8 39. Rg3 a5 40.
a3 Rh7 41. Ke3 Ke6 42. Nxg5+ Bxg5+ 43. Rxg5 Rxh3+ 44. Kd4 Rh2 45. Rg6+ Kd7 46.
Kc5 Rxb2 47. Rd6+ Ke7 48. Rxc6 Rb3 49. Rb6 Rxc3 50. Rxb5 Rxa3 51. Kxc4 Ke6 52.
Kd4 Ra1 53. Rb6+ Ke7 54. Ke5 Rh1 55. Rb7+ Ke8 56. Ra7 Kf8 57. Ke6 Rh6+ 58. Kd5
Ke8 59. Rxa5 Rh1 60. Ra7 Rh2 61. e5 Rh1 62. Kd6 Re1 63. Ke6 Kf8 64. Rf7+ Ke8
65. Ra7 Kf8 66. Ra8+ Kg7 67. Ra5 Kg8 68. Rb5 Re2 69. Rd5 Re1 70. Kd7 Kf7 71.
Kd6 Re2 72. Rd1 Re3 73. Rf1+ Ke8 74. Ke6 Re2 75. Rh1 Kf8 76. Rh8+ Kg7 77. Re8
Re1 78. Kd7 Re2 79. e6 Rd2+ 80. Ke7 Rd1 81. Ra8 Re1 82. Ra2 Rg1 83. Re2 Rg3 84.
Ke8 Kf6 85. e7 Rh3 86. Rd2 Ke6 87. Kd8 1-0

[Event "Oberliga Ost B"]
[Site "?"]
[Date "2022.07.02"]
[Round "6.7"]
[White "Wrede, Michael"]
[Black "Scheitz, Michael"]
[Result "1/2-1/2"]
[WhiteElo "2188"]
[BlackElo "2030"]
[PlyCount "58"]
[EventDate "2021.10.10"]
[EventType "team-tourn"]
[EventCountry "GER"]
[WhiteTeam "Moerlenbach Birkenau Freibauer"]
[BlackTeam "Wiesbadener SV"]
[WhiteTeamCountry "GER"]
[BlackTeamCountry "GER"]

1. d4 d5 2. Bf4 Nf6 3. e3 e6 4. Nd2 Bd6 5. Bg3 O-O 6. Bd3 b6 7. f4 c5 8. c3 Ba6
9. Bc2 Qc7 10. Nh3 Rc8 11. Bh4 cxd4 12. exd4 Nc6 13. Bxf6 gxf6 14. Qg4+ Kf8 15.
Bb3 Na5 16. Kf2 Nxb3 17. axb3 Bb5 18. Rhe1 a5 19. Qh4 Ke7 20. Re3 a4 21. bxa4
Bxa4 22. f5 e5 23. Nf4 Bc6 24. Rxa8 Rxa8 25. Nh5 Kd7 26. Qxf6 Ra2 27. Qxf7+ Kc8
28. Qe6+ Qd7 29. Qf6 e4 1/2-1/2

[Event "Oberliga Ost B"]
[Site "?"]
[Date "2022.07.02"]
[Round "6.1"]
[White "Heinz, Axel"]
[Black "Siebarth, Raiko"]
[Result "1-0"]
[WhiteElo "2437"]
[BlackElo "2353"]
[PlyCount "77"]
[EventDate "2021.10.10"]
[EventType "team-tourn"]
[EventCountry "GER"]
[WhiteTeam "Oberursel SV"]
[BlackTeam "Stadtilm SG BW"]
[WhiteTeamCountry "GER"]
[BlackTeamCountry "GER"]

1. e4 c5 2. Nf3 d6 3. Bb5+ Nd7 4. O-O a6 5. Bd3 Ngf6 6. Re1 e5 7. c3 Be7 8. Bf1
O-O 9. d4 Qc7 10. a4 b6 11. Bg5 Re8 12. Nbd2 Bb7 13. d5 h6 14. Be3 Nf8 15. h3
Bc8 16. b4 Nxe4 17. Nxe4 f5 18. Qb1 fxe4 19. Nd2 Bf5 20. Nxe4 Nh7 21. Bd3 c4
22. Nf6+ Bxf6 23. Bxf5 Nf8 24. Qe4 b5 25. Ra2 Rab8 26. Rea1 Rb7 27. h4 Kf7 28.
g3 g6 29. Bh3 Kg7 30. axb5 axb5 31. Ra6 Qe7 32. Ra7 Reb8 33. Bc8 Rxc8 34. Rxb7
Qxb7 35. Ra7 Qxa7 36. Bxa7 Ra8 37. Be3 Ra1+ 38. Kg2 Rd1 39. Bxh6+ 1-0

[Event "Oberliga Ost B"]
[Site "?"]
[Date "2022.07.02"]
[Round "6.2"]
[White "Schneider, Christian"]
[Black "Margolin, Boris"]
[Result "1/2-1/2"]
[WhiteElo "2211"]
[BlackElo "2389"]
[PlyCount "52"]
[EventDate "2021.10.10"]
[EventType "team-tourn"]
[EventCountry "GER"]
[WhiteTeam "Stadtilm SG BW"]
[BlackTeam "Oberursel SV"]
[WhiteTeamCountry "GER"]
[BlackTeamCountry "GER"]

1. c4 e6 2. Nf3 d5 3. e3 Nf6 4. b3 Nbd7 5. Bb2 Be7 6. Be2 O-O 7. O-O a6 8. Qc2
c6 9. d3 Bd6 10. e4 e5 11. cxd5 cxd5 12. Nbd2 Re8 13. Rfe1 d4 14. a4 Nf8 15.
Nc4 Bc7 16. Rec1 Ng6 17. Ba3 Re6 18. b4 Bd7 19. Ng5 Re8 20. Qb3 Be6 21. Nxe6
Rxe6 22. b5 Nf4 23. Qd1 axb5 24. axb5 Ba5 25. g3 Nxe2+ 26. Qxe2 h5 1/2-1/2

[Event "Oberliga Ost B"]
[Site "?"]
[Date "2022.07.02"]
[Round "6.3"]
[White "Dubiel, Jacek"]
[Black "Dittrich, Tom"]
[Result "1-0"]
[WhiteElo "2398"]
[BlackElo "1953"]
[PlyCount "55"]
[EventDate "2021.10.10"]
[EventType "team-tourn"]
[EventCountry "GER"]
[WhiteTeam "Oberursel SV"]
[BlackTeam "Stadtilm SG BW"]
[WhiteTeamCountry "GER"]
[BlackTeamCountry "GER"]

1. e4 c5 2. Nf3 d6 3. d4 cxd4 4. Nxd4 Nf6 5. Nc3 a6 6. Be3 e5 7. Nb3 Be7 8. h3
Be6 9. f4 exf4 10. Bxf4 Nc6 11. Qe2 Nd7 12. O-O-O Nce5 13. Kb1 O-O 14. g4 Rc8
15. Qe3 b5 16. Nd4 Qc7 17. Nd5 Bxd5 18. exd5 Nb6 19. Bg2 Nec4 20. Qd3 Na4 21.
Bc1 Bf6 22. Be4 Nc5 23. Bxh7+ Kh8 24. Qf5 g6 25. Qxf6+ Kxh7 26. Nf5 gxf5 27.
gxf5 Ne4 28. Qh6+ 1-0

[Event "Oberliga Ost B"]
[Site "?"]
[Date "2022.07.02"]
[Round "6.4"]
[White "Siebarth, Marco"]
[Black "Stork, Oliver"]
[Result "0-1"]
[WhiteElo "2090"]
[BlackElo "2315"]
[PlyCount "60"]
[EventDate "2021.10.10"]
[EventType "team-tourn"]
[EventCountry "GER"]
[WhiteTeam "Stadtilm SG BW"]
[BlackTeam "Oberursel SV"]
[WhiteTeamCountry "GER"]
[BlackTeamCountry "GER"]

1. e4 c5 2. Nf3 Nc6 3. d4 cxd4 4. Nxd4 Nf6 5. Nc3 d6 6. h3 e5 7. Nde2 Be7 8. g4
O-O 9. Bg2 Rb8 10. a4 Be6 11. O-O Nb4 12. Be3 d5 13. exd5 Nfxd5 14. Nxd5 Nxd5
15. Bxd5 Bxd5 16. Bxa7 Bf3 17. Qxd8 Rbxd8 18. Nc3 f5 19. gxf5 Rxf5 20. Be3 e4
21. Rfd1 Rh5 22. Rxd8+ Bxd8 23. Nxe4 Bxe4 24. Rd1 Bc7 25. Rd7 Bf3 26. Bd4 Rxh3
27. Rxg7+ Kf8 28. Kf1 Rh1+ 29. Rg1 Be2+ 30. Kg2 Rh2# 0-1

[Event "Oberliga Ost B"]
[Site "?"]
[Date "2022.07.02"]
[Round "6.5"]
[White "Weber, Samuel"]
[Black "Mehlhorn, Uwe"]
[Result "1-0"]
[WhiteElo "2238"]
[BlackElo "2043"]
[PlyCount "107"]
[EventDate "2021.10.10"]
[EventType "team-tourn"]
[EventCountry "GER"]
[WhiteTeam "Oberursel SV"]
[BlackTeam "Stadtilm SG BW"]
[WhiteTeamCountry "GER"]
[BlackTeamCountry "GER"]

1. c4 e5 2. g3 Nf6 3. Bg2 Be7 4. Nc3 O-O 5. d3 d6 6. Nf3 Nbd7 7. O-O Rb8 8. b4
Re8 9. a4 Bf8 10. Nd2 c6 11. b5 Qc7 12. a5 a6 13. Bb2 Nc5 14. Qc2 Bf5 15. Ba3
Bd7 16. Rfb1 Rec8 17. Bxc5 dxc5 18. bxa6 bxa6 19. Rb6 Rxb6 20. axb6 Qxb6 21.
Qb3 Rb8 22. Qxb6 Rxb6 23. Na4 Rb4 24. Kf1 Be7 25. Ke1 Kf8 26. Nc3 Rb6 27. Ra5
Bd8 28. Ra2 Be7 29. h3 Bd6 30. Kd1 Ke8 31. Kc2 Kd8 32. Na4 Rb4 33. Nb3 e4 34.
Naxc5 exd3+ 35. exd3 Bxc5 36. Nxc5 Rb6 37. Nxa6 Bc8 38. Nc5 Nd7 39. Ne4 c5 40.
Ra8 h6 41. Nc3 Ra6 42. Rxa6 Bxa6 43. Bd5 f6 44. Na4 Kc7 45. Be6 Bc8 46. f4 Kc6
47. f5 Kd6 48. Kc3 Kc6 49. d4 cxd4+ 50. Kxd4 Kc7 51. g4 Ne5 52. Bxc8 Kxc8 53.
Kd5 Nd3 54. Kd6 1-0

[Event "Oberliga Ost B"]
[Site "?"]
[Date "2022.07.02"]
[Round "6.6"]
[White "Neubauer, Andreas"]
[Black "Chandler, Patrick"]
[Result "1/2-1/2"]
[WhiteElo "2165"]
[BlackElo "2157"]
[PlyCount "80"]
[EventDate "2021.10.10"]
[EventType "team-tourn"]
[EventCountry "GER"]
[WhiteTeam "Stadtilm SG BW"]
[BlackTeam "Oberursel SV"]
[WhiteTeamCountry "GER"]
[BlackTeamCountry "GER"]

1. e4 Nc6 2. Nc3 e5 3. Nge2 Bc5 4. Na4 d6 5. Nxc5 dxc5 6. d3 Nge7 7. Be3 b6 8.
Ng3 Ng6 9. Qd2 Be6 10. h4 h6 11. h5 Nge7 12. Be2 Qd7 13. O-O f6 14. c3 Rd8 15.
Qc2 O-O 16. Rad1 Bg4 17. f3 Be6 18. b4 cxb4 19. d4 exd4 20. cxd4 Na5 21. d5 Bf7
22. Qb2 c5 23. dxc6 Qc7 24. f4 Nexc6 25. Rc1 Qb7 26. e5 fxe5 27. fxe5 b5 28.
Bc5 Rfe8 29. Nf5 Nc4 30. Bxc4 Bxc4 31. Nd6 Rxd6 32. exd6 Re5 33. Rfe1 Rxc5 34.
Re8+ Kf7 35. Rce1 Rf5 36. R1e7+ Nxe7 37. Rxe7+ Qxe7 38. dxe7 Kxe7 39. Qxg7+ Bf7
40. Qxh6 Rxh5 1/2-1/2

[Event "Oberliga Ost B"]
[Site "?"]
[Date "2022.07.02"]
[Round "6.7"]
[White "Haubt, Georg"]
[Black "Schmidt, Daniel"]
[Result "0-1"]
[WhiteElo "2136"]
[BlackElo "1867"]
[PlyCount "80"]
[EventDate "2021.10.10"]
[EventType "team-tourn"]
[EventCountry "GER"]
[WhiteTeam "Oberursel SV"]
[BlackTeam "Stadtilm SG BW"]
[WhiteTeamCountry "GER"]
[BlackTeamCountry "GER"]

1. d4 Nf6 2. Bf4 g6 3. Nc3 Bg7 4. e4 d6 5. Be2 O-O 6. h4 h5 7. Nf3 Nc6 8. Qd2
Bg4 9. d5 Nb8 10. Bh6 Nbd7 11. Bxg7 Kxg7 12. Ng5 Bxe2 13. Nxe2 Nc5 14. f3 e5
15. dxe6 Nxe6 16. O-O-O Rh8 17. Qc3 Qe7 18. g4 Kg8 19. Nxe6 fxe6 20. Nf4 Kf7
21. gxh5 Nxh5 22. Nh3 Ng3 23. Rh2 Rxh4 24. Qe3 Rah8 25. Ng5+ Kg7 26. Rg2 Nh5
27. Rg4 Nf6 28. Rxh4 Rxh4 29. Qxa7 Nh5 30. Rg1 Nf4 31. Kd1 b6 32. Qa3 Rh5 33.
Qc3+ e5 34. Rg4 Kh6 35. Qe1 Rxg5 36. Qh4+ Nh5 37. c4 Qf6 38. Qh3 Kg7 39. Rh4
Qf7 40. b3 Rg3 0-1

[Event "Oberliga Ost B"]
[Site "?"]
[Date "2022.07.02"]
[Round "6.8"]
[White "Cress, Bastian"]
[Black "Papadopoulos, Ioannis"]
[Result "0-1"]
[WhiteElo "1605"]
[BlackElo "2066"]
[PlyCount "70"]
[EventDate "2021.10.10"]
[EventType "team-tourn"]
[EventCountry "GER"]
[WhiteTeam "Stadtilm SG BW"]
[BlackTeam "Oberursel SV"]
[WhiteTeamCountry "GER"]
[BlackTeamCountry "GER"]

1. e4 c5 2. Nc3 Nc6 3. Nge2 e6 4. g3 d5 5. exd5 exd5 6. d4 Nf6 7. Bg2 Bg4 8. h3
Bh5 9. g4 Bg6 10. O-O cxd4 11. Nxd4 Be7 12. Nce2 O-O 13. c3 Rc8 14. Be3 Ne5 15.
Nf4 Nc4 16. Nxg6 hxg6 17. Bc1 Bc5 18. Nb3 Bb6 19. Re1 Re8 20. Rb1 Ne4 21. Nd4
Qh4 22. Rf1 Qf6 23. Nf3 Rcd8 24. Nd4 Bc7 25. f4 Bb6 26. Kh2 Qd6 27. Kg1 Rd7 28.
f5 g5 29. Rf3 Rde7 30. Qc2 Bc7 31. b3 Qh2+ 32. Kf1 Ng3+ 33. Rxg3 Re1+ 34. Kf2
Qg1+ 35. Kf3 Ne5# 0-1

[Event "Oberliga Ost B"]
[Site "?"]
[Date "2022.07.03"]
[Round "7.2"]
[White "Reucker, Friedrich"]
[Black "Marchio, Enrico"]
[Result "0-1"]
[WhiteElo "1967"]
[BlackElo "2300"]
[PlyCount "110"]
[EventDate "2021.10.10"]
[EventType "team-tourn"]
[EventCountry "GER"]
[WhiteTeam "Erfurt SV Empor"]
[BlackTeam "Schoeneck SF"]
[WhiteTeamCountry "GER"]
[BlackTeamCountry "GER"]

1. g3 d5 2. Nf3 Nf6 3. Bg2 Bf5 4. O-O c6 5. b3 h6 6. Bb2 e6 7. c4 Be7 8. d3 O-O
9. Nbd2 Nbd7 10. Rc1 a5 11. a3 Re8 12. Rc2 Bh7 13. Qa1 Bf8 14. Rfc1 Qe7 15. Ne5
Nxe5 16. Bxe5 Ng4 17. Bb2 Qc5 18. Rf1 h5 19. h3 Nh6 20. Bf3 h4 21. g4 f5 22.
Kg2 Qe7 23. Be5 Nf7 24. Qd4 Nxe5 25. Qxe5 Qxa3 26. gxf5 exf5 27. Qd4 Qe7 28.
cxd5 c5 29. Qf4 Qf6 30. Rg1 Bd6 31. Qa4 Reb8 32. Qb5 Bg6 33. Nf1 Be8 34. Qc4 a4
35. bxa4 Rxa4 36. Qc3 Qe7 37. Ne3 g6 38. Kh1 Kh7 39. Nc4 Bf4 40. e3 Bh6 41. d6
Qd8 42. Qe5 b5 43. Nd2 Bf8 44. Qxc5 Bxd6 45. Qd5 Qe7 46. d4 Bf7 47. Qc6 Ra7 48.
Rgc1 b4 49. Rb1 b3 50. Rcb2 Ba3 51. Rxb3 Bxb3 52. Rxb3 Rxb3 53. Nxb3 Rc7 54.
Qa8 Rc2 55. Kg2 Qxe3 0-1